000 00592nam a2200193 i 4500
001 79719
003 ES-MaACL
005 20230906174034.0
007 t|
008 041022s1963 sp ||||1| spa d
100 1 _aHerrera Ydáñez, Rafael.
_963253
245 1 0 _aValor en aduanas de las mercancías /
_cRafael Herrera Ydáñez.
260 _a[Madrid] :
_bSantillana,
_c[1963]
300 _a541 p. ;
_c24 cm.
490 1 _aBiblioteca de la Revista de aduanas
830 0 _aBiblioteca de la Revista de aduanas
_9231453
852 _aES-MaACL
_jC-23634
_bR.52490
999 _c79719
_d79719